Videokonferenčné systémy v edukačných aplikáciách

Bibliographic Details
Main Author: Hašková, Alena, 1962- (Author)
Format: Article
Language:Slovak
ISSN:1335-003X
Subjects:

MARC

LEADER 00000nab a2200000 a 4500
001 vtls010483052
003 SK-MaSNL
005 20260304184043.0
008 250708c2012 xo zr|p|||| |000 b|slo
015 |a SNBRB2013/01 
035 |a (uuid)91d28281-46e3-4a09-8942-1e1af220fb05 
035 |a urn:nbn:sk:snk-ab9tat 
035 |a (urnnbn)urn:nbn:sk:snk:ar-a08s3n 
038 |a SPK 
040 |a SNKBUCL  |b slo  |c SNKBUCL  |e AACR2 
041 0 |a slo 
044 |a xo  |c SK 
072 7 |a 371  |x Školstvo (organizácia)  |2 konspekt 
072 7 |a 004  |x Počítačová veda. Výpočtová technika. Informačné technológie  |2 konspekt 
080 |a 371.133  |2 2001 
080 |a 004.9.032.6  |2 2001 
080 |a 004-027.22  |2 2001 
100 1 |a Hašková, Alena,  |d 1962-  |4 aut  |9 247834 
245 1 0 |a Videokonferenčné systémy v edukačných aplikáciách  |c Alena Hašková 
650 0 7 |a vzdelávanie učiteľov  |2 snkbucl  |9 4031 
650 0 7 |a pedagogická prax  |2 snkbucl  |9 4109 
650 0 7 |a inovácie vo vzdelávaní  |2 snkbucl  |9 79699 
650 0 7 |a digitálne technológie  |2 snkbucl  |9 67495 
650 0 7 |a multimediálne aplikácie  |2 snkbucl  |9 120584 
650 0 7 |a videokonferencie  |2 snkbucl  |9 318933 
655 7 |a recenzie  |2 snkbucl  |9 21907 
773 0 |t Technológia vzdelávania  |g Roč. XX, č. 5 (2012)  |g Č. 5 (2012), s. 12-14  |x 1335-003X 
773 0 |t Slovenský učiteľ  |g Roč. XX, č. 5 (2012)  |g Č. 5 (2012), s. 12-14  |x 1335-003X 
787 0 8 |i Rec.:  |a Kozík, T  |t Videokonferenčné systémy v edukačných aplikáciách  |d Nitra : PF UKF, 2011  |z 9788080949761 
850 |a Slovenská národná knižnica 
852 |a Slovenská národná knižnica 
954 |a odborná, vedecká literatúra pôvodná (slovenská)  |2 lita 
958 |a article13 
958 |a RC 
958 |a OND 
958 |a EUIPO 
999 |c 3036656  |d 3038586